Vybrané otázky financování zdravotnictví: návrhy řešení

Nevyhnutná účasť štátu v zdravotníctve, ekonomické a mimoekonomické dôvody. Zdravotné systémy a ich financovanie: 1. systém s peňažným fondom tvoreným z daní a 2. poistné systémy. Možnosti financovania zdravotníctva: 1. štátny rozpočet a jednotlivci, 2.štátny rozpočet, miestne rozpočty a jednotlivci...

Descripción completa

Guardado en:
Detalles Bibliográficos
Autor principal: Ježková, A.
Formato: Capítulo de libro
Lenguaje:checo
Materias:
Etiquetas: Agregar Etiqueta
Sin Etiquetas, Sea el primero en etiquetar este registro!

MARC

LEADER 00000naa a2200000 4500
001 r016357
005 20220906112243.2
041 0 |a cze 
044 |a CZ 
245 1 0 |a Vybrané otázky financování zdravotnictví: návrhy řešení  |c A. Ježková 
520 |a Nevyhnutná účasť štátu v zdravotníctve, ekonomické a mimoekonomické dôvody. Zdravotné systémy a ich financovanie: 1. systém s peňažným fondom tvoreným z daní a 2. poistné systémy. Možnosti financovania zdravotníctva: 1. štátny rozpočet a jednotlivci, 2.štátny rozpočet, miestne rozpočty a jednotlivci. Negatívne javy financovania zdravotnej starostlivosti v ČR. Bodové ohodnotenie, vzorec, schéma faktorov, na ktorých závisí cena bodu. Ambulantné a hospitalizačné taxy a iné možnosti zvýšenia príjmov zdravotníckych zariadení. 
610 2 0 |a zdravotníctvo 
610 2 0 |a financovanie 
610 2 0 |a rozpočet štátny 
610 2 0 |a rozpočet miestny 
610 2 0 |a osoby fyzické 
610 2 0 |a Česko 
610 2 0 |a starostlivosť zdravotná 
610 2 0 |a poplatky 
610 2 0 |a zariadenia zdravotnícke 
610 2 0 |a príjmy 
610 2 0 |a služby 
610 2 0 |a ceny 
610 2 0 |a oceňovanie 
610 2 0 |a poisťovne 
100 1 |a Ježková, A.